[Event "POLFINAL MISTRZOSTW POLSKI JUNIOROW 2017 - C15"]
[Site "Jastrzebia Gora"]
[Date "2017-11-19"]
[Round "8.19"]
[White "Zlotek, Mikolaj"]
[Black "Markiewicz, Krzysztof"]
[Result "1-0"]
[WhiteTitle "II"]
[BlackTitle "II"]
[WhiteElo "1463"]
[BlackElo "1566"]

1. e4 c5 2. c3 d6 3. d4 cxd4 4. cxd4 Nf6 5. Nc3 e6 6. Nf3 Be7 7. Be2 O-O 8. O-O
a6 9. Be3 b5 10. Qc2 Bb7 11. e5 dxe5 12. dxe5 Nd5 13. Nxd5 Bxd5 14. Bd3 g6 15.
Be4 Bxe4 16. Qxe4 Qd5 17. Qxd5 exd5 18. Rfd1 Rd8 19. Rac1 Nd7 20. Rxd5 Nf8 21.
Rxd8 Rxd8 22. h3 Ne6 23. Rc6 Ra8 24. Nd4 Nxd4 25. Bxd4 Kf8 26. Rc2 Ke8 27. Kf1
a5 28. Ke2 Kd7 29. Kd3 Ke6 30. Ke4 a4 31. f4 b4 32. g4 Re8 33. f5+ Kd7 34. Bc5
b3 35. axb3 axb3 36. Rd2+ Kc6 37. Bxe7 Rxe7 38. Rd3 Rb7 39. Rc3+ Kd7 40. Rc4 h5
41. gxh5 gxh5 42. Rd4+ Kc6 43. e6 f6 44. Kd3 Rg7 45. Kc4 Rb7 46. Rh4 Kd6 47. Re4
h4 48. e7 Rxe7 49. Rxe7 Kxe7 50. Kxb3 Kd6 51. Kc4 Ke5 52. b4 Kxf5 53. Kd5 Kf4
54. b5 Kg3 55. b6 Kxh3 56. b7 Kg2 57. b8=Q h3 58. Qb2+ Kh1 59. Qc1+ Kg2 60. Qd2+
Kg1 61. Qe3+ Kg2 62. Qe2+ Kg1 63. Qg4+ Kh2 64. Kd4 f5 65. Qg5 Kh1 66. Ke3 f4+
67. Kf2 1-0

[Event "POLFINAL MISTRZOSTW POLSKI JUNIOROW 2017 - C15"]
[Site "Jastrzebia Gora"]
[Date "2017-11-19"]
[Round "8.20"]
[White "Seredyn, Dominik"]
[Black "Zurawicki, Jakub"]
[Result "0-1"]
[WhiteTitle "II"]
[BlackTitle "II+"]
[WhiteElo "1472"]
[BlackElo "1541"]

1. e4 e6 2. d4 d5 3. Nd2 dxe4 4. Nxe4 Nf6 5. Bg5 Be7 6. Bd3 Nxe4 7. Bxe7 Qxe7 8.
Bxe4 Qb4+ 9. c3 Qxb2 10. Ne2 c6 11. O-O Qa3 12. Qd3 h6 13. Rfe1 Nd7 14. Nf4 Nf6
15. Bg6 O-O 16. Re3 Qd6 17. Nh5 fxg6 18. Qxg6 Nxh5 19. Qxh5 Bd7 20. Rg3 Qf4 21.
f3 Rf5 22. Qg6 Rg5 23. Rxg5 Qxg5 24. Qxg5 hxg5 25. Re1 Kf7 26. Re5 Kf6 27. Kf2
Rh8 28. h3 Rh4 29. Ke3 Rh8 30. Ke4 Be8 31. Ke3 Bg6 32. Kf2 Bd3 33. Ke3 Bc4 34.
a3 Rd8 35. Ra5 a6 36. Ra4 Bf1 37. Kf2 Bd3 38. Rb4 b5 39. Ke3 Bc4 40. a4 Rc8 41.
a5 c5 42. Rb2 cxd4+ 43. Kxd4 e5+ 44. Ke3 Rd8 45. Rc2 Ke6 46. g3 Rd3+ 47. Ke4 Rd1
48. Ke3 Re1+ 49. Kf2 Ra1 0-1

[Event "POLFINAL MISTRZOSTW POLSKI JUNIOROW 2017 - C15"]
[Site "Jastrzebia Gora"]
[Date "2017-11-19"]
[Round "8.23"]
[White "Stefanski, Adam"]
[Black "Lesniak, Kacper"]
[Result "1/2-1/2"]
[WhiteTitle "II+"]
[BlackTitle "II"]
[WhiteElo "1370"]
[BlackElo "1350"]

1. c4 e5 2. Nc3 Nc6 3. g3 d6 4. Bg2 g6 5. e3 Nf6 6. Nge2 h5 7. h4 Be6 8. b3 Bh6
9. d4 exd4 10. Nxd4 Bd7 11. Bb2 Bg7 12. O-O Ng4 13. Nce2 Rg8 14. Nxc6 Bxc6 15.
Bxc6+ bxc6 16. Bxg7 Rxg7 17. Qd4 Rg8 18. Qe4+ Ne5 19. f4 f5 20. Qg2 Ng4 21. Qxc6+
Ke7 22. Nc3 Nf6 23. Nd5+ Nxd5 24. Qxd5 Qd7 25. Rae1 c6 26. Qd4 d5 27. Rd1 Rad8
28. cxd5 cxd5 29. Rd2 Qe6 30. Qxa7+ Rd7 31. Qc5+ Kf7 32. Rfd1 d4 33. Kh2 Qxe3
34. Rxd4 Qe2+ 35. Kh1 Qf3+ 36. Kh2 Qe2+ 1/2-1/2

[Event "POLFINAL MISTRZOSTW POLSKI JUNIOROW 2017 - C15"]
[Site "Jastrzebia Gora"]
[Date "2017-11-19"]
[Round "8.25"]
[White "Jaszczuk, Mateusz"]
[Black "Sandomierski, Cyprian"]
[Result "1/2-1/2"]
[WhiteTitle "II+"]
[BlackTitle "II"]
[WhiteElo "1389"]
[BlackElo "1257"]

1. c4 e5 2. Nc3 Nf6 3. g3 d5 4. cxd5 Nxd5 5. Bg2 c6 6. d4 Bb4 7. Bd2 Bxc3 8. bxc3
exd4 9. cxd4 Be6 10. e4 Nb6 11. Bb4 Na6 12. Ba5 Bc4 13. Nf3 Qe7 14. Ne5 Be6 15.
O-O O-O 16. Bxb6 axb6 17. d5 Rad8 18. Nc4 cxd5 19. exd5 Qc5 20. Ne3 Nb4 21. Rc1
Qa5 22. d6 Nxa2 23. Rc7 Qb4 24. d7 Qb5 25. Rxb7 Rxd7 26. Rxd7 Qxd7 27. Qb1 Qc7
28. Bd5 Nc3 29. Qb3 Nxd5 30. Nxd5 Qd6 31. Rd1 Rd8 32. Nf6+ gxf6 33. Rxd6 Rxd6
34. Qa4 Rd5 35. h4 b5 36. Qf4 Kg7 37. g4 h6 38. Kh2 Rd3 39. g5 hxg5 40. hxg5 f5
41. Qe5+ Kg6 42. Qxb5 Rd5 43. Qe8 Kxg5 44. Qe7+ Kg6 45. f4 Rd7 46. Qg5+ Kh7 47.
Kg3 Rd5 1/2-1/2

[Event "POLFINAL MISTRZOSTW POLSKI JUNIOROW 2017 - C15"]
[Site "Jastrzebia Gora"]
[Date "2017-11-19"]
[Round "9.1"]
[White "Strzelecki, Maciej"]
[Black "Warchol, Bartosz"]
[Result "1/2-1/2"]
[WhiteTitle "I"]
[BlackTitle "I++"]
[WhiteElo "1929"]
[BlackElo "1963"]

1. e4 e5 2. Nf3 Nc6 3. Bb5 a6 4. Ba4 Nf6 5. O-O Nxe4 6. d4 b5 7. Bb3 d5 8. dxe5
Be6 9. c3 Be7 10. Nbd2 Nc5 11. Bc2 d4 12. cxd4 Nxd4 13. Nxd4 Qxd4 14. Nf3 Qd5
15. Re1 Rd8 16. Qxd5 Bxd5 17. Nd4 g6 18. Bh6 Bf8 19. Bg5 Be7 20. Bh6 Bf8 21. Bg5
Be7 22. Bh6 Bf8 23. Bg5 1/2-1/2

[Event "POLFINAL MISTRZOSTW POLSKI JUNIOROW 2017 - C15"]
[Site "Jastrzebia Gora"]
[Date "2017-11-19"]
[Round "9.2"]
[White "Iwanczuk, Krzysztof"]
[Black "Kukorowski, Jan"]
[Result "1-0"]
[WhiteTitle "II"]
[BlackTitle "I"]
[WhiteElo "1408"]
[BlackElo "1797"]

1. e4 e6 2. d3 d5 3. Nd2 Nf6 4. Ngf3 b6 5. e5 Nfd7 6. d4 c5 7. c3 Be7 8. Bd3 Ba6
9. Nf1 Bxd3 10. Qxd3 Nc6 11. a3 c4 12. Qe2 Na5 13. Bf4 Nb3 14. Rb1 b5 15. N1d2
Nxd2 16. Nxd2 a5 17. O-O O-O 18. Qg4 Re8 19. Rfe1 Nf8 20. Re3 Ng6 21. Bg3 Bh4
22. f4 Bxg3 23. hxg3 b4 24. Nf3 bxa3 25. bxa3 Rb8 26. Rf1 Rb3 27. Qh5 Rxa3 28.
Ng5 h6 29. Nxf7 Kxf7 30. f5 exf5 31. Rxf5+ Kg8 32. Qxg6 Ra1+ 33. Kh2 Re7 34. e6
Qe8 35. Rf7 1-0

[Event "POLFINAL MISTRZOSTW POLSKI JUNIOROW 2017 - C15"]
[Site "Jastrzebia Gora"]
[Date "2017-11-19"]
[Round "9.3"]
[White "Ossolinski, Ziemowit"]
[Black "Kulesza, Andrzej"]
[Result "1/2-1/2"]
[WhiteTitle "I"]
[BlackTitle "I"]
[WhiteElo "1865"]
[BlackElo "1784"]

1. e4 c5 2. Nf3 d6 3. d4 cxd4 4. Nxd4 Nf6 5. f3 e5 6. Nb3 d5 7. Bg5 d4 8. c3 Nc6
9. Bb5 h6 10. Bxf6 Qxf6 11. cxd4 Bb4+ 12. Nc3 O-O 13. Bxc6 Qxc6 14. Rc1 Qa6 15.
a3 Bxc3+ 16. Rxc3 exd4 17. Qxd4 Be6 18. Nc5 Qb5 19. Nxe6 fxe6 20. Rc7 Rf7 21.
Rxf7 Kxf7 22. Kf2 Rc8 23. Rd1 Rc2+ 24. Rd2 e5 25. Qd6 Qxb2 26. Qd7+ Kg8 27. Qc8+
Rxc8 28. Rxb2 b6 29. Rb5 Re8 30. a4 Kf7 31. Ke3 Ke6 32. a5 bxa5 33. Rxa5 Re7 34.
Ra6+ Kf7 35. g3 Rb7 36. g4 Rb3+ 37. Kf2 Rb2+ 38. Kg3 Rb7 39. h4 Ke7 40. h5 Kf7
41. Kh4 Kg8 42. Kg3 Kf7 43. Kh4 Kg8 44. Re6 Rb5 45. Re7 Ra5 46. g5 hxg5+ 47. Kxg5
Kf8 48. Rb7 Ra3 49. Kg4 a5 50. Rb5 Ra1 51. Rxe5 a4 52. Ra5 a3 53. Kf5 a2 54. f4
Rh1 55. Rxa2 Rxh5+ 56. Kg4 Rb5 57. Ra7 Rb6 58. f5 g6 59. fxg6 Rxg6+ 60. Kf5 Rb6
61. e5 Ke8 62. Rg7 Ra6 63. Rb7 Rc6 64. Ke4 Ra6 65. Rc7 Kd8 66. Rf7 Ke8 67. Rb7
Ra4+ 68. Kf5 Ra6 69. Rc7 Kd8 70. Rf7 Ke8 71. Rf6 Ra1 72. Rd6 Ke7 73. Re6+ Kf7
74. Rb6 Rf1+ 1/2-1/2

[Event "POLFINAL MISTRZOSTW POLSKI JUNIOROW 2017 - C15"]
[Site "Jastrzebia Gora"]
[Date "2017-11-19"]
[Round "9.4"]
[White "Dzwierzynski, Bartosz"]
[Black "Posluszny, Tomasz"]
[Result "1/2-1/2"]
[WhiteTitle "I"]
[BlackTitle "I"]
[WhiteElo "1851"]
[BlackElo "1655"]

1. d4 Nf6 2. c4 c5 3. d5 e5 4. Nc3 d6 5. e4 g6 6. Nf3 Bg7 7. Be2 O-O 8. O-O Ne8
9. Bg5 Bf6 10. Bh6 Bg7 11. Bg5 Bf6 12. Bh6 Bg7 13. Bg5 Bf6 1/2-1/2

[Event "POLFINAL MISTRZOSTW POLSKI JUNIOROW 2017 - C15"]
[Site "Jastrzebia Gora"]
[Date "2017-11-19"]
[Round "9.5"]
[White "Wierzbicki, Michal"]
[Black "Kukula, Karol"]
[Result "1/2-1/2"]
[WhiteTitle "I"]
[BlackTitle "I"]
[WhiteElo "1894"]
[BlackElo "1778"]

1. d4 Nf6 2. Nf3 e6 3. c4 b6 4. a3 Bb7 5. Nc3 d5 6. cxd5 Nxd5 7. Qc2 Nxc3 8. bxc3
c5 9. e4 Nd7 10. Bd3 Qc7 11. O-O cxd4 12. cxd4 Qxc2 13. Bxc2 Rc8 14. Ba4 Bd6 15.
Re1 Ke7 16. e5 Bb8 17. Bd2 a5 18. Rac1 h6 19. Rb1 Bc6 20. Bb3 Rhd8 21. Rec1 Be4
22. Rxc8 Rxc8 23. Rc1 Rxc1+ 24. Bxc1 Bxf3 25. gxf3 f6 26. f4 fxe5 27. fxe5 b5
28. Kg2 Ba7 29. Bb2 Nb6 30. Kf3 a4 31. Ba2 Nc4 32. Bxc4 bxc4 33. Ke4 Kd7 34. f4
g6 35. d5 Bc5 36. d6 Kc6 37. Bc1 h5 38. Bb2 Kd7 39. Kf3 Kc6 40. Kg3 Bb6 41. Bc3
Bc5 42. Bb2 Bb6 43. Bc3 Bc5 44. Bb2 Bb6 45. Kh4 Bd8+ 46. Kg3 Bb6 47. Bc3 Bc5 48.
Bb2 Bb6 49. Kf3 Kd5 50. Bc3 Kc6 51. Ke4 Bc5 52. Bb2 Bb6 53. Bc3 Bc5 54. Bb2 Bb6
55. Kf3 Bc5 56. Ke2 Bb6 57. Bc1 Bd4 58. Kd2 Kd7 59. Kc2 Kc6 60. Bd2 Kd7 61. Bc3
Be3 62. Bd2 Bd4 1/2-1/2

[Event "POLFINAL MISTRZOSTW POLSKI JUNIOROW 2017 - C15"]
[Site "Jastrzebia Gora"]
[Date "2017-11-19"]
[Round "9.6"]
[White "Maciejewski, Kamil"]
[Black "Zolkiewski, Jakub"]
[Result "1/2-1/2"]
[WhiteTitle "I"]
[BlackTitle "I"]
[WhiteElo "1778"]
[BlackElo "1774"]

1. Nf3 Nf6 2. g3 d5 3. Bg2 e6 4. O-O Be7 5. d3 b6 6. b3 Bb7 7. Bb2 Nbd7 8. Nbd2
O-O 9. Re1 c5 10. e4 Rc8 11. exd5 exd5 12. Ne5 Nxe5 13. Bxe5 Bd6 14. Nf3 Bxe5
15. Nxe5 Rc7 16. Qd2 Re8 17. Nf3 Rce7 18. Rxe7 Rxe7 19. Re1 Rxe1+ 20. Qxe1 Qc7
1/2-1/2

[Event "POLFINAL MISTRZOSTW POLSKI JUNIOROW 2017 - C15"]
[Site "Jastrzebia Gora"]
[Date "2017-11-19"]
[Round "9.7"]
[White "Galuszka, Tomasz"]
[Black "Grochol, Kamil"]
[Result "1-0"]
[WhiteTitle "I"]
[BlackTitle "I"]
[WhiteElo "1976"]
[BlackElo "1739"]

1. e4 e6 2. d4 d5 3. Nd2 Nf6 4. e5 Nfd7 5. Bd3 c5 6. c3 Nc6 7. Ne2 cxd4 8. cxd4
f6 9. exf6 Nxf6 10. Nf3 Bd6 11. O-O O-O 12. Bf4 Bxf4 13. Nxf4 Ne4 14. Qc1 Ng5
15. Nxg5 Qxg5 16. Ne2 Qf6 17. Qe3 Bd7 18. f4 Rac8 19. Bb5 Nb8 20. Bd3 Nc6 21.
Rac1 Nb4 22. Nc3 Nxd3 23. Qxd3 Rc4 24. Rcd1 g6 25. g3 Rfc8 26. g4 Qh4 27. Qg3
Qxg3+ 28. hxg3 b5 29. Rd2 b4 30. Ne2 Rc2 31. Rfd1 Bb5 32. Kf2 Kf7 33. Ng1 Ke7
34. Nf3 a5 35. Ke3 Kd6 36. Rh1 Rxd2 37. Kxd2 a4 38. Rc1 Rxc1 39. Kxc1 h5 40. gxh5
gxh5 41. Kd2 Kc7 42. Ng5 Bd7 43. a3 bxa3 44. bxa3 Kb6 45. Nh7 Be8 46. Nf6 Bf7
47. Nd7+ Kb5 48. Ne5 Be8 49. Kd3 Ka5 50. Ke3 Kb6 51. f5 exf5 52. Kf4 Bb5 53. Kxf5
Be2 54. Ke6 Bc4 55. Ng6 Kb5 56. Nf4 Ba2 57. Ke5 Kc4 58. Nxd5 Kb3 59. Nb6 Kxa3
60. d5 Bxd5 61. Kxd5 Kb4 62. Nxa4 Kxa4 63. Ke5 Kb5 64. Kf5 Kc5 65. Kg5 Kd6 66.
Kxh5 Ke6 67. Kg6 Ke7 68. g4 1-0

[Event "POLFINAL MISTRZOSTW POLSKI JUNIOROW 2017 - C15"]
[Site "Jastrzebia Gora"]
[Date "2017-11-19"]
[Round "9.8"]
[White "Chaczynski, Kamil"]
[Black "Piekielny, Pawel"]
[Result "0-1"]
[WhiteTitle "I"]
[BlackTitle "I"]
[WhiteElo "1649"]
[BlackElo "1805"]

1. e4 e6 2. d4 d5 3. Nc3 Nf6 4. e5 Nfd7 5. f4 c5 6. Nf3 Qb6 7. Na4 Qc6 8. Nc3 Qb6
9. Na4 Qc6 10. Nc3 Qb6 11. Rb1 a6 12. Be3 Nc6 13. Na4 Qa5+ 14. c3 cxd4 15. b4
Qc7 16. Nxd4 b5 17. Nb2 Nb6 18. Nxc6 Qxc6 19. Qd4 Nc4 20. Nxc4 dxc4 21. Rd1 Be7
22. Rg1 Bb7 23. Qb6 O-O 24. Qxc6 Bxc6 25. Bb6 f6 26. exf6 Bxf6 27. Kd2 Bd8 28.
Be3 a5 29. bxa5 Rxa5 30. Ra1 Bf6 31. Bc5 Rd8+ 32. Kc2 Be4+ 33. Kb2 Rd2+ 0-1

[Event "POLFINAL MISTRZOSTW POLSKI JUNIOROW 2017 - C15"]
[Site "Jastrzebia Gora"]
[Date "2017-11-19"]
[Round "9.9"]
[White "Cisek, Kamil"]
[Black "Golecki, Jan"]
[Result "0-1"]
[WhiteTitle "I"]
[BlackTitle "I++"]
[WhiteElo "1562"]
[BlackElo "1796"]

1. d4 d5 2. c4 Nc6 3. Nf3 Bg4 4. cxd5 Bxf3 5. gxf3 Qxd5 6. e3 e5 7. Nc3 Bb4 8.
Bd2 Bxc3 9. Bxc3 exd4 10. Bxd4 Nxd4 11. Qxd4 Qxd4 12. exd4 O-O-O 13. O-O-O Nf6
14. Bc4 Rd7 15. Rhe1 Rhd8 16. Kc2 c6 17. a3 Kc7 18. b4 Nd5 19. Re4 Rd6 20. Rh4
h6 21. Bxd5 Rxd5 22. Re4 Rf5 23. Rd3 a5 24. bxa5 Rxa5 25. Rb3 Rad5 26. Rd3 b6
27. h4 R8d7 28. Kc3 c5 29. a4 f5 30. Re6 Rxd4 31. Rxd4 Rxd4 32. Re7+ Kc6 33. Rxg7
Rxh4 34. Rg6+ Kb7 35. Rf6 Rf4 36. Rxh6 Rxf3+ 37. Kc4 Rxf2 38. Rh7+ Ka6 39. Rf7
Rf4+ 40. Kb3 Rb4+ 41. Ka3 f4 42. Re7 f3 43. Rf7 f2 44. Rxf2 Ka5 45. Rf7 Rxa4+
46. Kb3 Rh4 47. Ra7+ Kb5 0-1

[Event "POLFINAL MISTRZOSTW POLSKI JUNIOROW 2017 - C15"]
[Site "Jastrzebia Gora"]
[Date "2017-11-19"]
[Round "9.10"]
[White "Lendzion, Kamil"]
[Black "Rogala, Milosz"]
[Result "0-1"]
[WhiteTitle "II"]
[BlackTitle "II"]
[WhiteElo "1687"]
[BlackElo "1750"]

1. e4 c6 2. d4 d5 3. exd5 cxd5 4. c4 Nf6 5. Nc3 e6 6. Nf3 Be7 7. Bg5 O-O 8. Be2
b6 9. O-O Bb7 10. Ne5 Nbd7 11. f4 Ne4 12. Bxe7 Qxe7 13. cxd5 Nxc3 14. bxc3 Bxd5
15. Bd3 Nxe5 16. fxe5 Qg5 17. Rf2 Rac8 18. Rc1 Rc7 19. Qd2 Qxd2 20. Rxd2 Rfc8
21. Rdc2 Bc4 22. Bxc4 Rxc4 23. Kf2 f6 24. exf6 gxf6 25. Ke3 Kf7 26. Kd3 Ke7 27.
Re1 b5 28. a3 Kd7 29. Rf1 Ke7 30. Re1 Ra4 31. Rb1 a6 32. Ra2 Rac4 33. Rc2 e5 34.
Re1 Kd6 35. dxe5+ fxe5 36. Rf1 Ke6 37. Rb1 e4+ 38. Kd2 Ke5 39. Rf1 Rd8+ 40. Kc1
Rd3 41. Kb2 Rc6 42. Rf7 h6 43. a4 bxa4 44. Re2 a3+ 45. Ka2 e3 46. Re7+ Re6 47.
Rxe6+ Kxe6 48. Kxa3 Rxc3+ 49. Kb2 Rd3 50. g4 Ke5 51. h4 Kf4 52. g5 hxg5 53. hxg5
Rd6 0-1

[Event "POLFINAL MISTRZOSTW POLSKI JUNIOROW 2017 - C15"]
[Site "Jastrzebia Gora"]
[Date "2017-11-19"]
[Round "9.11"]
[White "Dytman, Radoslaw"]
[Black "Pelka, Michal"]
[Result "0-1"]
[WhiteTitle "I"]
[BlackTitle "I"]
[WhiteElo "1708"]
[BlackElo "1693"]

1. e4 c5 2. Nf3 g6 3. d4 cxd4 4. Qxd4 Nf6 5. e5 Nc6 6. Qa4 Nd5 7. Qe4 Nc7 8. Nc3
Bg7 9. Bf4 b6 10. Bc4 Bb7 11. Qe3 Na5 12. Bd3 Ne6 13. Bh6 Bxh6 14. Qxh6 Qc7 15.
Qe3 Nc4 16. Bxc4 Qxc4 17. O-O-O Qf4 18. Rd2 Qxe3 19. fxe3 O-O-O 20. Nd4 a6 21.
Rf1 Rdf8 22. Rdf2 Nd8 23. e4 d6 24. exd6 exd6 25. Rf6 Kd7 26. Nf3 Ke7 27. Nd4
Ne6 28. Nxe6 fxe6 29. Rxf8 Rxf8 30. Rxf8 Kxf8 31. Kd2 Ke7 32. Ke3 b5 33. a3 Kf6
34. Kf4 g5+ 35. Ke3 Ke5 36. g3 g4 37. Kd3 Bc6 38. b4 h6 39. Ke3 h5 40. Kd3 Be8
41. Ne2 Bg6 42. Nf4 Bxe4+ 43. Kd2 h4 44. c3 hxg3 45. hxg3 Kf5 46. Ke3 e5 47. Ne2
Bd5 48. Nc1 Bc4 49. Nd3 Bxd3 50. Kxd3 d5 51. Ke3 Ke6 52. Kd3 e4+ 53. Ke2 Kd6 54.
Kd2 Kc6 55. Ke2 Kd6 56. Kd2 Ke5 57. Ke3 d4+ 58. cxd4+ Kd5 59. Ke2 Kxd4 60. Kd2
e3+ 0-1

[Event "POLFINAL MISTRZOSTW POLSKI JUNIOROW 2017 - C15"]
[Site "Jastrzebia Gora"]
[Date "2017-11-19"]
[Round "9.12"]
[White "Sloniewski, Michal"]
[Black "Bojczewski, Mateusz"]
[Result "1-0"]
[WhiteTitle "I"]
[BlackTitle "II"]
[WhiteElo "1694"]
[BlackElo "1634"]

1. d4 Nf6 2. c4 e6 3. Nf3 d5 4. cxd5 exd5 5. Nc3 Bf5 6. Bg5 c6 7. e3 Nbd7 8. Bd3
Bxd3 9. Qxd3 Bd6 10. O-O Qc7 11. Rfc1 a6 12. e4 dxe4 13. Nxe4 Be7 14. Nxf6+ Nxf6
15. Bxf6 Bxf6 16. d5 O-O 17. d6 Qd7 18. Rd1 Bxb2 19. Rab1 Bf6 20. Nd2 Rfd8 21.
Ne4 Be5 22. g3 b5 23. f4 Bf6 24. Kg2 Qf5 25. Nxf6+ Qxf6 26. d7 Ra7 27. Qe3 Raa8
28. Re1 g6 29. Rbd1 Rab8 30. Qa3 Qf5 31. Qd6 c5 32. Re5 Qc2+ 33. Rd2 Qc4 34. Rxc5
Qe6 35. Qd4 Rb7 36. Rd5 Qc6 37. Kg1 Qe6 38. Rd6 Qe1+ 39. Kg2 Rc7 40. Qf6 Qe4+
41. Kf2 Qa8 42. Rxa6 Qb8 43. Rc6 Rcxd7 44. Rxd7 Rxd7 45. Qc3 Qa7+ 46. Kf3 Qb7
47. Kf2 Qa7+ 48. Kf3 Qa8 49. Kg4 h5+ 50. Kh3 Rd8 51. Qf6 Rd2 52. Qc3 Rd8 53. Qf6
Rc8 54. Rd6 Qxa2 55. Kh4 Qc2 56. Rd5 Qc3 57. Rd8+ 1-0

[Event "POLFINAL MISTRZOSTW POLSKI JUNIOROW 2017 - C15"]
[Site "Jastrzebia Gora"]
[Date "2017-11-19"]
[Round "9.13"]
[White "Kopec, Norbert"]
[Black "Distel, Pawel"]
[Result "0-1"]
[WhiteTitle "II+"]
[BlackTitle "II+"]
[WhiteElo "1706"]
[BlackElo "1573"]

1. e4 g6 2. d4 Bg7 3. Nf3 d6 4. Be3 Nc6 5. c3 e5 6. Bb5 Bd7 7. O-O Nge7 8. Nbd2
O-O 9. Re1 h6 10. Nf1 Nxd4 11. cxd4 Bxb5 12. dxe5 dxe5 13. Qc1 Kh7 14. Rd1 Qc8
15. Qc5 Bxf1 16. Qxe7 Bxg2 17. Nxe5 Bh3 18. Rac1 Re8 19. Qxf7 Rxe5 20. Bf4 Qg4+
21. Bg3 Qxe4 22. f3 Qe2 23. Rd2 Qxd2 24. Qxg7+ Kxg7 25. Bxe5+ Kg8 0-1

[Event "POLFINAL MISTRZOSTW POLSKI JUNIOROW 2017 - C15"]
[Site "Jastrzebia Gora"]
[Date "2017-11-19"]
[Round "9.14"]
[White "Zurawicki, Jakub"]
[Black "Kucharski, Bartlomiej"]
[Result "1-0"]
[WhiteTitle "II+"]
[BlackTitle "I"]
[WhiteElo "1541"]
[BlackElo "1946"]

1. d4 d5 2. c4 c6 3. Nc3 e6 4. Nf3 f5 5. cxd5 cxd5 6. Bf4 Bd6 7. Bxd6 Qxd6 8. e3
Nf6 9. Ne5 O-O 10. Be2 Nbd7 11. Nd3 Ne4 12. O-O Nxc3 13. bxc3 b6 14. Qb3 Ba6 15.
Nf4 Bxe2 16. Nxe2 Rfc8 17. Rfc1 Rc4 18. Rc2 Rac8 19. Rac1 Qc6 20. g3 b5 21. a3
Nb6 22. Kf1 a6 23. Ke1 Ra4 24. Ra2 Nc4 25. Nf4 Na5 26. Qb2 Rc4 27. Ne2 Kf7 28.
h4 Ra4 29. Nf4 Qc4 30. Qe2 Qb3 31. Qh5+ Kg8 32. Rac2 Rxa3 33. Nxe6 Rb8 34. Qxf5
Nc6 35. Nc5 Qc4 36. Qe6+ Kh8 37. Qxc6 a5 38. Qc7 Re8 39. Qd7 Rg8 40. Qg4 b4 41.
cxb4 Qxb4+ 42. Kf1 a4 43. Qd7 Rf8 44. Qd6 Qb5+ 45. Kg1 Re8 46. Qxd5 1-0

[Event "POLFINAL MISTRZOSTW POLSKI JUNIOROW 2017 - C15"]
[Site "Jastrzebia Gora"]
[Date "2017-11-19"]
[Round "9.15"]
[White "Golinski, Kacper"]
[Black "Brzozowski, Pawel"]
[Result "1-0"]
[WhiteTitle "II+"]
[BlackTitle "II+"]
[WhiteElo "1633"]
[BlackElo "1521"]

1. d4 d5 2. c4 e6 3. Nc3 Nf6 4. Nf3 Be7 5. Bg5 c6 6. e3 Nbd7 7. Bd3 dxc4 8. Bxc4
Nd5 9. Bxe7 Qxe7 10. O-O O-O 11. e4 Nxc3 12. bxc3 b5 13. Bd3 Nb6 14. Qe2 f6 15.
e5 f5 16. Nd2 Nd5 17. c4 Nf4 18. Qe3 Nxd3 19. Qxd3 a5 20. Rfc1 Ba6 21. Qf3 Qb4
22. Nb3 bxc4 23. Nc5 Qb6 24. Rab1 Qc7 25. Nxe6 Qd7 26. Nxf8 Rxf8 27. Rd1 Rd8 28.
a4 g6 29. Rb6 Bb7 30. Qc3 Qf7 31. Rc1 1-0

[Event "POLFINAL MISTRZOSTW POLSKI JUNIOROW 2017 - C15"]
[Site "Jastrzebia Gora"]
[Date "2017-11-19"]
[Round "9.16"]
[White "Zlotek, Mikolaj"]
[Black "Skowron, Mateusz"]
[Result "1/2-1/2"]
[WhiteTitle "II"]
[BlackTitle "I"]
[WhiteElo "1463"]
[BlackElo "1616"]

1. e4 c6 2. d4 d5 3. exd5 cxd5 4. c4 Nf6 5. Nc3 Nc6 6. Be3 e6 7. Nf3 Bd6 8. Bd3
dxc4 9. Bxc4 O-O 10. O-O Re8 11. Re1 Bc7 12. a3 a6 13. Qc2 b6 14. Rac1 Bb7 15.
Ne4 Na5 16. Nxf6+ Qxf6 17. Bg5 Qg6 18. Qxg6 hxg6 19. Bxe6 Bxh2+ 20. Kxh2 Rxe6
21. Rxe6 fxe6 22. Ne5 Kh7 23. Rc3 Be4 24. f3 Bd5 25. b4 Nb3 26. f4 Nxd4 27. Rh3+
Kg8 28. Nxg6 Kf7 29. Ne5+ Kg8 30. Ng6 Kf7 1/2-1/2

[Event "POLFINAL MISTRZOSTW POLSKI JUNIOROW 2017 - C15"]
[Site "Jastrzebia Gora"]
[Date "2017-11-19"]
[Round "9.17"]
[White "Gazda, Dominik"]
[Black "Socha, Kamil"]
[Result "1/2-1/2"]
[WhiteTitle "II+"]
[BlackTitle "II"]
[WhiteElo "1512"]
[BlackElo "1526"]

1. e4 e5 2. Nf3 Nf6 3. Nxe5 d6 4. Nf3 Nxe4 5. d4 d5 6. Bd3 Bd6 7. O-O O-O 8. c3
c6 9. Nbd2 Nxd2 10. Bxd2 Nd7 11. Re1 Nf6 12. Qc2 Bg4 13. Be2 Bxf3 14. Bxf3 Qc7
15. h3 Rfe8 16. Rxe8+ Rxe8 17. Re1 Rxe1+ 18. Bxe1 h6 19. Qe2 Qe7 20. Qxe7 Bxe7
21. Bd2 Kf8 22. Kf1 Bd6 23. Ke2 Ke7 24. Kd3 Ke6 25. Bd1 Nd7 26. Bg4+ Ke7 27. Bxd7
Kxd7 28. Ke2 Ke6 29. Kf3 Kf6 30. Bf4 Bxf4 31. Kxf4 g6 32. g3 h5 33. h4 a6 34.
a3 Ke6 35. Ke3 Kf6 36. Kf4 Ke6 37. Ke3 1/2-1/2

[Event "POLFINAL MISTRZOSTW POLSKI JUNIOROW 2017 - C15"]
[Site "Jastrzebia Gora"]
[Date "2017-11-19"]
[Round "9.18"]
[White "Ugrewicz, Ludwik"]
[Black "Sapinski, Sebastian"]
[Result "1-0"]
[WhiteTitle "II"]
[BlackTitle "II"]
[WhiteElo "1429"]
[BlackElo "1361"]

1. e4 e6 2. d4 d5 3. Nc3 dxe4 4. Nxe4 Bd7 5. Nf3 Bc6 6. Bd3 Bxe4 7. Bxe4 c6 8.
c3 Nf6 9. Bd3 Bd6 10. Bg5 Nbd7 11. Qe2 Qc7 12. O-O-O b5 13. Rhe1 O-O 14. Ne5 Nd5
15. Qh5 N7f6 16. Bxf6 Nxf6 17. Qh4 h6 18. Re3 c5 19. Kb1 cxd4 20. cxd4 Rac8 21.
Rg3 Kh8 22. Rg5 Qa5 23. Ng4 Nxg4 24. Qxg4 g6 25. Rxb5 Qc7 26. Rb3 Bf4 27. Rc3
Qb8 28. Bc4 Rc6 29. g3 Bg5 30. h4 Bf6 31. Qf3 Qb7 32. Qxf6+ Kh7 33. Rb3 Qc7 34.
Bd3 Rc8 35. Qf4 Qe7 36. Be4 Rc4 37. Rb7 1-0

[Event "POLFINAL MISTRZOSTW POLSKI JUNIOROW 2017 - C15"]
[Site "Jastrzebia Gora"]
[Date "2017-11-19"]
[Round "9.19"]
[White "Swiatek, Mateusz"]
[Black "Marciniak, Leonard"]
[Result "0-1"]
[WhiteTitle "II"]
[BlackTitle "II"]
[WhiteElo "1190"]
[BlackElo "1420"]

1. e4 c5 2. Nf3 d6 3. d4 cxd4 4. Nxd4 Nf6 5. f3 a6 6. Be3 e6 7. Be2 Be7 8. O-O
Qc7 9. c4 O-O 10. Nc3 Nc6 11. Nxc6 bxc6 12. Qd2 Bb7 13. Rfd1 c5 14. Qc2 Bc6 15.
Rd2 Rab8 16. Rad1 Rfd8 17. b3 Nd7 18. Kh1 Nb6 19. Bf2 e5 20. Be3 Qb7 21. Kg1 g6
22. Nd5 Nxd5 23. exd5 Bd7 24. Bd3 f5 25. Rf2 Rf8 26. f4 e4 27. Be2 Bf6 28. g3
a5 29. Rb1 Qa8 30. Kg2 a4 31. Bc1 axb3 32. axb3 Bd4 33. Rf1 Qb7 34. Bd2 Ra8 35.
Bc3 Qb6 36. Rb2 Rfb8 37. Rfb1 Ra3 38. Bd1 Kf7 39. Kf1 h6 40. h3 Qd8 41. Qd2 Qf6
42. Bxd4 cxd4 43. Ra2 Rba8 0-1

[Event "POLFINAL MISTRZOSTW POLSKI JUNIOROW 2017 - C15"]
[Site "Jastrzebia Gora"]
[Date "2017-11-19"]
[Round "9.20"]
[White "Kutylo, Konrad"]
[Black "Markiewicz, Krzysztof"]
[Result "1/2-1/2"]
[WhiteTitle "II"]
[BlackTitle "II"]
[WhiteElo "1405"]
[BlackElo "1566"]

1. d4 d5 2. c4 e6 3. Nc3 Nf6 4. Nf3 Be7 5. e3 O-O 6. Bd3 b6 7. O-O Bb7 8. b3 c5
9. Bb2 Nbd7 10. Re1 Re8 11. Rc1 cxd4 12. Nxd4 Nc5 13. Bf1 Qd7 14. cxd5 Nxd5 15.
Nxd5 Qxd5 16. Qg4 1/2-1/2

[Event "POLFINAL MISTRZOSTW POLSKI JUNIOROW 2017 - C15"]
[Site "Jastrzebia Gora"]
[Date "2017-11-19"]
[Round "9.21"]
[White "Zareba, Maciej"]
[Black "Stefanski, Adam"]
[Result "0-1"]
[WhiteTitle "II+"]
[BlackTitle "II+"]
[WhiteElo "1517"]
[BlackElo "1370"]

1. d4 d6 2. e4 g6 3. f3 Bg7 4. Be3 Nd7 5. Bc4 e5 6. Nc3 a6 7. Nge2 b5 8. Bd5 Rb8
9. dxe5 Nb6 10. Bxb6 Rxb6 11. f4 c6 12. Bb3 c5 13. Bd5 Ne7 14. O-O O-O 15. exd6
Rxd6 16. Qe1 b4 17. Nd1 Nxd5 18. exd5 Rxd5 19. Ne3 Bxb2 20. Nxd5 Bxa1 21. Qxa1
Qxd5 22. Ng3 Rd8 23. Qe1 Qxa2 24. Qe7 Qd5 25. Ne4 Qd4+ 26. Kh1 Be6 27. Nf6+ Kh8
28. Re1 Qd6 29. Qa7 Bd5 30. Nxd5 Qxd5 31. Qxa6 Kg8 32. Qb6 Qd2 33. Rf1 c4 34.
h3 Re8 35. Rf2 Qe3 36. Qb5 b3 37. cxb3 cxb3 38. Rf3 Qe1+ 39. Kh2 Re3 40. Rxe3
Qxe3 41. Qb4 h6 42. h4 Kg7 43. Qb8 Qc3 0-1